[Event "SCCF State Championship"]
[Site "Beverly Hills"]
[Date "2014.09.18"]
[Round "1"]
[White "Landaw, Julian"]
[Black "Kavutskiy, Kostya"]
[Result "1/2-1/2"]
[WhiteElo "2426"]
[BlackElo "2397"]
[PlyCount "85"]
[EventDate "2014.??.??"]
[SourceDate "2014.09.20"]

1. e4 e5 2. Nf3 Nc6 3. Bb5 a6 4. Ba4 Nf6 5. O-O b5 6. Bb3 Bc5 7. a4 Bb7 8. c3
d6 9. d4 Bb6 10. axb5 axb5 11. Rxa8 Bxa8 12. Na3 O-O 13. Bg5 Re8 14. Bd5 Ne7
15. Bxf6 gxf6 16. Bxa8 Qxa8 17. Re1 Ng6 18. Nxb5 exd4 19. Nbxd4 Rxe4 20. Qb1
Rxe1+ 21. Qxe1 Ne5 22. h3 Qd5 23. Nxe5 fxe5 24. Nf5 Qd3 25. Ne7+ Kf8 26. Nc8 f6
27. Nxb6 cxb6 28. Qa1 b5 29. h4 Ke7 30. Qa7+ Ke6 31. Qg7 Qb1+ 32. Kh2 Qxb2 33.
Qg8+ Ke7 34. Qxh7+ Ke6 35. Qg8+ Ke7 36. Qg7+ Ke6 37. Qg4+ Kf7 38. f4 e4 39. h5
Qxc3 40. Qg6+ Kf8 41. Qh6+ Kf7 42. Qg6+ Kf8 43. Qh6+ 1/2-1/2

[Event "SCCF State Championship"]
[Site "Beverly Hills"]
[Date "2014.09.18"]
[Round "1"]
[White "Lu, Albert"]
[Black "Yanayt, Eugene"]
[Result "1-0"]
[WhiteElo "2280"]
[BlackElo "2363"]
[PlyCount "89"]
[EventDate "2014.??.??"]
[SourceDate "2014.09.20"]

1. d4 Nf6 2. c4 g6 3. Nc3 Bg7 4. Nf3 O-O 5. Bg5 d6 6. e3 h6 7. Bh4 Nc6 8. Be2
e5 9. O-O g5 10. Bg3 Nh5 11. dxe5 Nxg3 12. hxg3 dxe5 13. Qb3 Bd7 14. Rfd1 Qc8
15. Rd2 Be6 16. Rad1 Kh8 17. Qa3 Re8 18. b4 f5 19. b5 Ne7 20. Nd5 Ng6 21. Qc5
c6 22. bxc6 Bf8 23. Qa5 Qxc6 24. Nf6 Bxc4 25. Nxe8 Bxe2 26. Nxe5 Qxe8 27. Nxg6+
Qxg6 28. Rxe2 b6 29. Qd5 Re8 30. Qd4+ Bg7 31. Qd7 f4 32. gxf4 gxf4 33. Rd6 Qb1+
34. Kh2 Re5 35. Qc8+ Kh7 36. Qc2+ Qxc2 37. Rxc2 fxe3 38. fxe3 Re7 39. Kg1 Be5
40. Rd5 Bg3 41. Rc6 Rf7 42. e4 Kg7 43. e5 Bf2+ 44. Kh2 Re7 45. Rcd6 1-0

[Event "SCCF State Championship"]
[Site "Beverly Hills"]
[Date "2014.09.18"]
[Round "1"]
[White "Kretchetov, Alexandre"]
[Black "Kiewra, Keaton"]
[Result "1-0"]
[WhiteElo "2396"]
[BlackElo "2476"]
[PlyCount "127"]
[EventDate "2014.??.??"]
[SourceDate "2014.09.20"]

1. d4 Nf6 2. Bg5 e6 3. e4 h6 4. Bxf6 Qxf6 5. c3 d6 6. Bd3 g6 7. Ne2 Bg7 8. O-O
c5 9. dxc5 dxc5 10. Nd2 O-O 11. Qc2 e5 12. a4 Nc6 13. Nc1 Nd8 14. Bc4 Ne6 15.
Nd3 Nf4 16. Nxf4 exf4 17. Rfe1 Qe7 18. e5 Rd8 19. e6 Bxe6 20. Bxe6 fxe6 21. Nc4
g5 22. Qe4 Re8 23. h4 gxh4 24. Qxf4 Qg5 25. Qxg5 hxg5 26. Nd6 Re7 27. Ne4 Rd8
28. Rad1 Rd5 29. f3 Red7 30. Rxd5 Rxd5 31. Kf1 c4 32. Ke2 Kf7 33. Nd2 Ra5 34.
Nxc4 Rxa4 35. Kd3 Ra6 36. Ne3 Rd6+ 37. Kc2 Rd8 38. Ng4 Rc8 39. Kd3 Rd8+ 40. Kc2
Rd6 41. Re4 Ra6 42. Rc4 Rc6 43. Rxc6 bxc6 44. Kd3 Ke7 45. Nf2 Be5 46. Ke4 Kd6
47. Nd3 Bh2 48. b3 Bg1 49. Ne5 Bf2 50. Nf7+ Kc5 51. Nxg5 Be1 52. Kd3 Kd5 53.
Ne4 a5 54. f4 c5 55. c4+ Kc6 56. Ke2 Bb4 57. Ng5 Kd6 58. Nf3 Ba3 59. Kd3 h3 60.
gxh3 Ke7 61. Ke4 Kf6 62. Ne5 Bb4 63. Nd3 Ba3 64. h4 1-0

[Event "SCCF State Championship"]
[Site "Beverly Hills"]
[Date "2014.09.18"]
[Round "1"]
[White "Remlinger, Larry"]
[Black "Mousseri, Daniel"]
[Result "1-0"]
[WhiteElo "2375"]
[BlackElo "2285"]
[PlyCount "57"]
[EventDate "2014.??.??"]
[SourceDate "2014.09.20"]

1. d4 Nf6 2. Nf3 g6 3. g3 Bg7 4. Bg2 d6 5. O-O O-O 6. a4 c6 7. a5 Qc7 8. Nc3 e5
9. e4 Nbd7 10. Re1 Re8 11. h3 Nf8 12. Be3 Ne6 13. Qd2 Nd7 14. d5 Nec5 15. b4
Na6 16. Reb1 f5 17. Ng5 Nf6 18. b5 cxb5 19. Nxb5 Qb8 20. exf5 gxf5 21. Ne6 Bxe6
22. dxe6 e4 23. Qxd6 Qc8 24. Nd4 Nc7 25. Nxf5 Nxe6 26. Bf1 Bf8 27. Qe5 Kf7 28.
Qb5 Rb8 29. Bxa7 1-0

[Event "SCCF State Championship"]
[Site "Beverly Hills"]
[Date "2014.09.19"]
[Round "2"]
[White "Mousseri, Daniel"]
[Black "Kretchetov, Alexandre"]
[Result "0-1"]
[WhiteElo "2285"]
[BlackElo "2396"]
[PlyCount "138"]
[EventDate "2014.??.??"]
[SourceDate "2014.09.20"]

1. e4 e6 2. d4 d5 3. Nc3 Be7 4. Nf3 Nf6 5. Bd3 c5 6. O-O O-O 7. dxc5 Nbd7 8.
exd5 exd5 9. Bg5 Nxc5 10. Bxf6 Bxf6 11. Nxd5 Bxb2 12. Rb1 Bf6 13. c4 b6 14. Qc2
g6 15. Rbd1 Bd7 16. Qb1 Re8 17. Rfe1 Rxe1+ 18. Nxe1 Bg7 19. Nc2 Qf8 20. Nce3
Rc8 21. Bc2 Bc6 22. Qb4 f5 23. Qd2 Kh8 24. Nf4 Qf7 25. Re1 Re8 26. Ned5 Rxe1+
27. Qxe1 Qe8 28. Qxe8+ Bxe8 29. Kf1 Bf7 30. Ne3 Kg8 31. Ke2 Kf8 32. Nfd5 Ke8
33. h4 Kd7 34. f3 Ne6 35. Kd3 Kd6 36. g4 fxg4 37. fxg4 Nc5+ 38. Ke2 b5 39. Nf4
bxc4 40. h5 Ne6 41. Nxc4+ Kc5 42. Nxe6+ Bxe6 43. Ne3 gxh5 44. gxh5 h6 45. a3
Bb2 46. Kd1 Be5 47. Bg6 Bf4 48. Ng2 Bg5 49. Kc2 Kd4 50. Ne1 Be7 51. a4 Bd5 52.
Be8 Bb4 53. Nd3 Be4 54. Kb3 Bd6 55. Nb4 Kc5 56. a5 Bf3 57. Na6+ Kd4 58. Ka4 Be2
59. Nb4 Kc5 60. Kb3 Bc4+ 61. Ka4 Bf4 62. Bg6 Bd2 63. Nd3+ Kd4 64. Nb4 a6 65.
Nxa6 Bxa6 66. Kb3 Bxa5 67. Kc2 Ke3 68. Kd1 Be2+ 69. Kc2 Kf4 0-1

[Event "SCCF State Championship"]
[Site "Beverly Hills"]
[Date "2014.09.19"]
[Round "2"]
[White "Yanayt, Eugene"]
[Black "Kiewra, Keaton"]
[Result "0-1"]
[WhiteElo "2363"]
[BlackElo "2476"]
[PlyCount "80"]
[EventDate "2014.??.??"]
[SourceDate "2014.09.20"]

1. d4 Nf6 2. c4 c5 3. d5 b5 4. cxb5 a6 5. bxa6 g6 6. Nc3 Bxa6 7. Nf3 Bg7 8. g3
d6 9. Bg2 Nbd7 10. Rb1 Nb6 11. b3 Bb7 12. Nh4 Ra6 13. O-O O-O 14. Qd2 Qa8 15.
Rd1 e6 16. dxe6 fxe6 17. Rf1 Nbd5 18. a4 Nxc3 19. Qxc3 Ne4 20. Qd3 Nc3 21. Rb2
Rb6 22. a5 Bxg2 23. Nxg2 Qxa5 24. Bf4 Qa3 25. Rc2 Nd5 26. Qe4 Re8 27. Qa4 Qxa4
28. bxa4 Ra8 29. Ra2 Nc3 30. a5 Rb5 31. Rc2 Ra6 32. Rcc1 Nd5 33. e4 Nxf4 34.
Nxf4 Kf7 35. Nd3 Raxa5 36. e5 Bxe5 37. Nxe5+ dxe5 38. Rc4 Ke7 39. Re4 Rb4 40.
Rxe5 Kd6 0-1

[Event "SCCF State Championship"]
[Site "Beverly Hills"]
[Date "2014.09.19"]
[Round "2"]
[White "Remlinger, Larry"]
[Black "Kavutskiy, Kostya"]
[Result "0-1"]
[WhiteElo "2375"]
[BlackElo "2397"]
[PlyCount "140"]
[EventDate "2014.??.??"]
[SourceDate "2014.09.20"]

1. d4 Nf6 2. Nf3 g6 3. g3 Bg7 4. Bg2 d5 5. O-O O-O 6. c4 c6 7. Ne5 Ne4 8. f3
Nd6 9. cxd5 cxd5 10. Nc3 Nc6 11. f4 e6 12. e3 f6 13. Nd3 f5 14. Kh1 Ne4 15. Bd2
b6 16. Nxe4 dxe4 17. Qb3 Qd7 18. Nf2 Ba6 19. Rfc1 Na5 20. Bxa5 bxa5 21. Rc5
Rab8 22. Qc2 Rfc8 23. Rd1 Bf8 24. Rxc8 Rxc8 25. Qb1 Qc7 26. Bf1 Bxf1 27. Rxf1
a4 28. a3 Qc4 29. Kg1 Rb8 30. Rc1 Qe2 31. Nd1 Bxa3 32. Qc2 Qxc2 33. Rxc2 Bb4
34. Rc7 a5 35. Kf1 a3 36. bxa3 Bxa3 37. Nc3 Rb2 38. Ra7 Rb3 39. Na4 Rxe3 40.
Nc5 Bxc5 41. dxc5 Rc3 42. Rxa5 h5 43. Ra8+ Kf7 44. Rc8 Rc1+ 45. Kf2 Rc2+ 46.
Ke3 Rxh2 47. c6 Ke7 48. Rg8 Kd6 49. Rxg6 Rg2 50. c7 Kxc7 51. Rxe6 Rxg3+ 52. Kd4
Rg8 53. Re7+ Kc6 54. Re6+ Kc7 55. Re7+ Kc8 56. Ke5 Rf8 57. Ra7 Kb8 58. Re7 h4
59. Kd4 Rh8 60. Rg7 h3 61. Rg1 h2 62. Rh1 Rh3 63. Ke5 e3 64. Kxf5 e2 65. Kg4
e1=Q 66. Rxe1 h1=Q 67. Rxh1 Rxh1 68. Kf5 Kc8 69. Kf6 Kd7 70. f5 Rf1 0-1

[Event "SCCF State Championship"]
[Site "Beverly Hills"]
[Date "2014.09.20"]
[Round "4"]
[White "Kavutskiy, Kostya"]
[Black "Kretchetov, Alexandre"]
[Result "1-0"]
[WhiteElo "2397"]
[BlackElo "2396"]
[PlyCount "103"]
[EventDate "2014.??.??"]
[SourceDate "2014.09.20"]

1. d4 Nf6 2. c4 c6 3. Nf3 d5 4. e3 g6 5. Nc3 Bg7 6. Be2 O-O 7. O-O e6 8. b4
Nbd7 9. Bb2 Re8 10. a4 a5 11. b5 c5 12. Ne5 cxd4 13. exd4 dxc4 14. Bxc4 Nb6 15.
Bb3 Nbd5 16. Qf3 b6 17. g4 h6 18. h4 Bb7 19. g5 hxg5 20. hxg5 Nxc3 21. Qxb7 Nd7
22. Bxc3 Bxe5 23. Qg2 Bf4 24. d5 Nc5 25. Bf6 Nxb3 26. Bxd8 Raxd8 27. Rad1 e5
28. d6 Nd4 29. Qd5 Re6 30. d7 Ne2+ 31. Kh1 Nc3 32. Qc4 Nxd1 33. Rxd1 Bxg5 34.
Qc7 Be7 35. Qb7 Kg7 36. Kg2 e4 37. Qc7 Rh8 38. Rc1 Bd8 39. Qc3+ Bf6 40. Qd2 e3
41. fxe3 Re5 42. Qd6 Rf5 43. Rc8 Rhh5 44. Qxf6+ Kxf6 45. d8=Q+ Kg7 46. Qf8+ Kf6
47. Rc6+ Kg5 48. Rc4 Kf6 49. Rf4 Rxf4 50. Qd6+ Kg7 51. exf4 g5 52. Qxb6 1-0

[Event "SCCF State Championship"]
[Site "Beverly Hills"]
[Date "2014.09.20"]
[Round "4"]
[White "Kiewra, Keaton"]
[Black "Remlinger, Larry"]
[Result "1-0"]
[WhiteElo "2476"]
[BlackElo "2375"]
[PlyCount "85"]
[EventDate "2014.??.??"]
[SourceDate "2014.09.20"]

1. d4 Nf6 2. Nf3 g6 3. Bg5 Bg7 4. Nbd2 h6 5. Bf4 d6 6. h3 c5 7. e3 Nc6 8. c3
O-O 9. dxc5 dxc5 10. Nc4 Be6 11. a4 Nd5 12. Bg3 Nxc3 13. bxc3 Bxc3+ 14. Nfd2
Qd5 15. Rc1 Bb4 16. Be2 Rfd8 17. O-O Bxd2 18. Bf3 Qxc4 19. Rxc4 Bxc4 20. Qb1
Bxf1 21. Qxb7 Na5 22. Qxe7 Re8 23. Qf6 Re6 24. Qh4 g5 25. Qg4 Bxg2 26. Kxg2 Rd8
27. h4 c4 28. Be4 Rde8 29. Bc2 Nc6 30. hxg5 h5 31. Qxh5 Bc3 32. g6 fxg6 33.
Bxg6 R8e7 34. Qg4 Ne5 35. Bxe5 Bxe5 36. Bf5+ Rg7 37. Bxe6+ Kf8 38. Qxg7+ Bxg7
39. Bxc4 Ke7 40. f4 Kd6 41. Kf3 Kc5 42. Bf7 Kd6 43. e4 1-0

[Event "SCCF State Championship"]
[Site "Beverly Hills"]
[Date "2014.09.20"]
[Round "4"]
[White "Yanayt, Eugene"]
[Black "Landaw, Julian"]
[Result "0-1"]
[WhiteElo "2363"]
[BlackElo "2426"]
[PlyCount "98"]
[EventDate "2014.??.??"]
[SourceDate "2014.09.20"]

1. d4 Nf6 2. c4 e6 3. g3 Bb4+ 4. Bd2 Qe7 5. Bg2 Nc6 6. e3 e5 7. d5 Nb8 8. Ne2
O-O 9. Nbc3 d6 10. h3 Nbd7 11. a3 Bxc3 12. Nxc3 e4 13. Qc2 Re8 14. g4 h6 15.
Rd1 Nc5 16. b4 Nd3+ 17. Kf1 Ne5 18. Nxe4 Nexg4 19. Ng3 Ne5 20. e4 Ng6 21. Rh2
Nh7 22. Bh1 Qh4 23. Qc1 Ng5 24. Bg2 Ne5 25. Qc3 Nxh3 26. Be1 g5 27. f3 Qf4 28.
Rh1 g4 29. Bxh3 gxh3 30. Nh5 Qxf3+ 31. Qxf3 Nxf3 32. Nf6+ Kf8 33. Nxe8 Kxe8 34.
Kf2 Bg4 35. Rc1 Ng5 36. Ke3 Bf3 37. Rxh3 Nxh3 38. Kxf3 Kd7 39. Kg4 Ng5 40. Bd2
Nxe4 41. Bxh6 Rg8+ 42. Kf4 Nf2 43. Kf3 Nd3 44. Rc3 Ne5+ 45. Ke2 Rg2+ 46. Kf1
Rg4 47. c5 a5 48. b5 dxc5 49. Rxc5 Rc4 0-1

[Event "SCCF State Championship"]
[Site "Beverly Hills"]
[Date "2014.09.20"]
[Round "4"]
[White "Mousseri, Daniel"]
[Black "Lu, Albert"]
[Result "1/2-1/2"]
[WhiteElo "2285"]
[BlackElo "2280"]
[PlyCount "90"]
[EventDate "2014.??.??"]
[SourceDate "2014.09.20"]

1. e4 e6 2. d4 d5 3. Nc3 Nf6 4. Bg5 dxe4 5. Nxe4 Be7 6. Bxf6 Bxf6 7. Nf3 Nd7 8.
Qd2 O-O 9. O-O-O b6 10. Bd3 Bb7 11. h4 c5 12. Neg5 h6 13. Bh7+ Kh8 14. Be4 Bxg5
15. Nxg5 Bxe4 16. Nxe4 Nf6 17. Nxf6 Qxf6 18. Qe3 Rac8 19. d5 exd5 20. Rxd5 Rfe8
21. Qd2 Rcd8 22. Rxd8 Rxd8 23. Qe3 Rd4 24. g3 Qc6 25. Re1 Qd5 26. c3 Rd3 27.
Qe2 a5 28. Rd1 c4 29. Re1 b5 30. Qe8+ Kh7 31. Qe4+ Qxe4 32. Rxe4 Rf3 33. Re5 b4
34. cxb4 axb4 35. Re4 b3 36. a4 Rxf2 37. Rxc4 Rf5 38. Rb4 Rf3 39. a5 Rxg3 40.
Ra4 Rd3 41. a6 Rd8 42. a7 Ra8 43. Kd2 g5 44. hxg5 hxg5 45. Kc3 g4 1/2-1/2

[Event "SCCF State Championship"]
[Site "Beverly Hills"]
[Date "2014.09.21"]
[Round "7"]
[White "Kiewra, Keaton"]
[Black "Landaw, Julian"]
[Result "1/2-1/2"]
[WhiteElo "2476"]
[BlackElo "2426"]
[PlyCount "113"]
[EventDate "2014.??.??"]
[SourceDate "2014.09.20"]

1. d4 Nf6 2. Bg5 Ne4 3. Bf4 c5 4. f3 Qa5+ 5. c3 Nf6 6. d5 d6 7. e4 g6 8. Na3
Nbd7 9. Nc4 Qc7 10. a4 Bg7 11. Qd2 O-O 12. Bd3 Ne5 13. Nxe5 dxe5 14. Bh6 c4 15.
Be2 e6 16. d6 Qc6 17. h4 Rd8 18. h5 Rxd6 19. Qg5 Bxh6 20. Qxh6 Qb6 21. Nh3 Qxb2
22. Kf2 Rd2 23. Rae1 Bd7 24. g4 Bxa4 25. Qg5 Nd7 26. Qh6 Nf8 27. Ng5 Qb6+ 28.
Kf1 Qe3 29. hxg6 fxg6 30. Qh4 Rad8 31. Bxc4 Rf2+ 32. Qxf2 Qxg5 33. Kg2 Rc8 34.
Qa2 Bd7 35. Rd1 Rc7 36. Be2 h5 37. c4 hxg4 38. fxg4 Qe3 39. Bf3 Bc6 40. Qd2 Qc5
41. Qd6 Ba4 42. Qxc5 Rxc5 43. Rc1 Nh7 44. Kf2 Ng5 45. Rc3 a5 46. Rhc1 Bc6 47.
Ke3 a4 48. Bg2 Nf7 49. Bf1 Nd6 50. Bd3 Kg7 51. R3c2 Kh6 52. Rf1 Kg5 53. Ra1 Ne8
54. Rg2 Nd6 55. Rc2 Ne8 56. Rb2 Nd6 57. Rc2 1/2-1/2

[Event "SCCF State Championship"]
[Site "Beverly Hills"]
[Date "2014.09.20"]
[Round "5"]
[White "Landaw, Julian"]
[Black "Mousseri, Daniel"]
[Result "1-0"]
[WhiteElo "2426"]
[BlackElo "2285"]
[PlyCount "85"]
[EventDate "2014.??.??"]
[SourceDate "2014.09.20"]

1. e4 c5 2. Nc3 Nc6 3. g3 g6 4. Bg2 Bg7 5. d3 d6 6. f4 e6 7. Nf3 Nge7 8. O-O
O-O 9. Be3 Nd4 10. e5 Nef5 11. Bf2 Nxf3+ 12. Qxf3 Nd4 13. Qd1 dxe5 14. fxe5
Bxe5 15. Ne4 f5 16. Nxc5 Qc7 17. b4 f4 18. gxf4 Rxf4 19. c3 Nf5 20. d4 Rxf2 21.
Rxf2 Bxh2+ 22. Kh1 Bg3 23. Rf3 Qe7 24. Qd3 Qh4+ 25. Kg1 Qh2+ 26. Kf1 b6 27. Ne4
Bb7 28. Rxf5 exf5 29. Qxg3 Ba6+ 30. Kf2 Qxg3+ 31. Nxg3 Rc8 32. Rc1 h5 33. c4
Kf8 34. c5 h4 35. Nf1 bxc5 36. bxc5 Rd8 37. d5 h3 38. Bh1 g5 39. Kg3 Re8 40. d6
Bc8 41. c6 f4+ 42. Kf3 Rd8 43. Rd1 1-0

[Event "SCCF State Championship"]
[Site "Beverly Hills"]
[Date "2014.09.??"]
[Round "?"]
[White "Landaw, Julian"]
[Black "Kretchetov, Alexandre"]
[Result "1-0"]
[WhiteElo "2426"]
[BlackElo "2396"]
[PlyCount "57"]
[EventDate "2014.??.??"]
[SourceDate "2014.09.20"]

1. e4 e5 2. Nf3 Nc6 3. Bb5 g6 4. c3 a6 5. Ba4 d6 6. d4 Bd7 7. O-O Bg7 8. Bg5
Nge7 9. dxe5 dxe5 10. Qd2 h6 11. Be3 Na5 12. Bxd7+ Qxd7 13. Qxd7+ Kxd7 14. Nbd2
Ke6 15. b4 Nac6 16. Nb3 b6 17. a4 a5 18. b5 Nb8 19. c4 Nd7 20. c5 f5 21. Rad1
Rab8 22. c6 Nf6 23. exf5+ gxf5 24. Nxe5 Rhd8 25. f4 Ne4 26. Nd4+ Rxd4 27. Bxd4
Bxe5 28. Bxe5 Nd5 29. Rxd5 1-0

[Event "SCCF State Championship"]
[Site "Beverly Hills"]
[Date "2014.09.22"]
[Round "?"]
[White "Landaw, Julian"]
[Black "Remlinger, Larry"]
[Result "1-0"]
[WhiteElo "2426"]
[BlackElo "2275"]
[PlyCount "57"]
[EventDate "2014.??.??"]
[SourceDate "2014.09.20"]

1. e4 e6 2. d4 d5 3. Nc3 Bb4 4. e5 Ne7 5. a3 Bxc3+ 6. bxc3 c5 7. Qg4 Qc7 8. Bd2
Nbc6 9. Nf3 Nf5 10. Bd3 h5 11. Qg5 Nce7 12. h3 Bd7 13. a4 O-O-O 14. O-O Rdf8
15. Bc1 f6 16. Qd2 c4 17. Bxf5 Nxf5 18. Ba3 Rfg8 19. a5 Be8 20. Rfb1 g5 21.
exf6 g4 22. Ne5 gxh3 23. g3 h4 24. g4 Rxg4+ 25. Nxg4 Rg8 26. Qe2 Ne3 27. Qxe3
Rxg4+ 28. Kh1 Re4 29. Qxh3 1-0

[Event "SCCF State Championship"]
[Site "?"]
[Date "2014.09.26"]
[Round "7"]
[White "Lu, Albert"]
[Black "Landaw, Julian"]
[Result "1-0"]
[WhiteElo "2280"]
[BlackElo "2426"]
[PlyCount "111"]
[EventDate "2014.??.??"]
[SourceDate "2014.09.20"]

1. d4 Nf6 2. c4 e6 3. Nc3 Bb4 4. Qc2 O-O 5. a3 Bxc3+ 6. Qxc3 Ne4 7. Qc2 f5 8.
e3 b6 9. Nh3 Bb7 10. f3 Nf6 11. Bd3 c5 12. b4 Nc6 13. b5 Ne7 14. O-O Rc8 15. a4
d5 16. Nf4 Qd7 17. dxc5 Rxc5 18. Ba3 Rc7 19. Qe2 g5 20. cxd5 gxf4 21. d6 Rc3
22. dxe7 Rfc8 23. Rfd1 Nd5 24. Bb2 Qxe7 25. exf4 Qc5+ 26. Qf2 Qxf2+ 27. Kxf2
Rc2+ 28. Bxc2 Rxc2+ 29. Kg3 Rxb2 30. Rab1 Rxb1 31. Rxb1 Nc3 32. Re1 Bc8 33. Kh4
Bd7 34. Kg5 Kg7 35. Rc1 h6+ 36. Kh4 Nxa4 37. Rc7 Nc5 38. Rxa7 Kf6 39. Kh5 Bxb5
40. Kxh6 Be2 41. h3 e5 42. g4 Bxf3 43. g5+ Ke6 44. g6 Bd5 45. g7 Kd6 46. fxe5+
Kxe5 47. Kg6 Ne6 48. h4 Nxg7 49. Kxg7 f4 50. h5 f3 51. h6 Be4 52. Rf7 b5 53.
Rxf3 Kd5 54. Rf4 Bd3 55. Rg4 Kc5 56. Rg6 1-0

[Event "SCCF State Championship"]
[Site "?"]
[Date "2014.09.19"]
[Round "3"]
[White "Kretchetov, Alexandre"]
[Black "Lu, Albert"]
[Result "1-0"]
[WhiteElo "2396"]
[BlackElo "2280"]
[PlyCount "85"]
[EventDate "2014.??.??"]
[SourceDate "2014.09.20"]

1. d4 d5 2. c4 e6 3. Nc3 Be7 4. Nf3 Nf6 5. Bg5 O-O 6. cxd5 exd5 7. e3 c6 8. Qc2
Nbd7 9. Bd3 Re8 10. O-O-O c5 11. dxc5 Qa5 12. Kb1 h6 13. Bxf6 Nxf6 14. Bb5 Rd8
15. Nd4 a6 16. Nb3 Qc7 17. Bd3 Bd7 18. Rc1 Rac8 19. h3 a5 20. Bb5 Bxb5 21. Nxb5
Qd7 22. a4 Ne4 23. Rhd1 Nxc5 24. Nxc5 Rxc5 25. Qd3 Rdc8 26. Rxc5 Rxc5 27. e4 d4
28. Qxd4 Qe6 29. Rc1 b6 30. Qd3 Rxc1+ 31. Kxc1 Bf6 32. Qd5 Qe7 33. Nd6 Qd7 34.
e5 Bg5+ 35. Kb1 Qxa4 36. Nxf7 Kh7 37. Qd3+ Kg8 38. Qd5 Kh7 39. Nxg5+ hxg5 40.
Qd3+ Kg8 41. b3 Qb4 42. Qc4+ Qxc4 43. bxc4 1-0

[Event "SCCF State Championship"]
[Site "Chess.com"]
[Date "2014.09.19"]
[Round "3"]
[White "Kavutskiy, Kostya"]
[Black "Yanayt, Eugene"]
[Result "1-0"]
[WhiteElo "2397"]
[BlackElo "2363"]
[PlyCount "75"]
[EventDate "2014.??.??"]
[SourceDate "2014.09.20"]

1. d4 Nf6 2. c4 g6 3. f3 Bg7 4. e4 d6 5. Ne2 O-O 6. Nbc3 c5 7. d5 e6 8. Ng3
exd5 9. cxd5 a6 10. a4 h5 11. Bg5 Nbd7 12. Be2 Re8 13. O-O Qc7 14. Qd2 Nh7 15.
Bh6 Bh8 16. Be3 h4 17. Nh1 f5 18. Nf2 Ne5 19. Rfe1 b6 20. Rab1 Bd7 21. exf5
gxf5 22. Kh1 Bf6 23. Nh3 Qb7 24. Nf4 b5 25. b4 c4 26. Nh5 Bd8 27. Bf2 Be7 28.
f4 Ng6 29. Qd4 Bf8 30. Nf6+ Nxf6 31. Qxf6 Nxf4 32. Bd4 Re7 33. Qh8+ Kf7 34.
Bh5+ Nxh5 35. Qxh5+ Kg8 36. Rxe7 Bxe7 37. Qg6+ Kf8 38. Bg7+ 1-0

[Event "SCCF State Championship"]
[Site "?"]
[Date "2014.09.20"]
[Round "5"]
[White "Kavutskiy, Kostya"]
[Black "Kiewra, Keaton"]
[Result "1-0"]
[WhiteElo "2397"]
[BlackElo "2476"]
[PlyCount "111"]
[EventDate "2014.??.??"]
[SourceDate "2014.09.20"]

1. d4 Nf6 2. c4 c5 3. d5 b5 4. Qc2 bxc4 5. e4 g6 6. Bxc4 d6 7. Nf3 Bg7 8. O-O
O-O 9. h3 Ba6 10. Na3 Nfd7 11. Bd2 Nb6 12. Bxa6 Nxa6 13. Bc3 Nb4 14. Qe2 e6 15.
dxe6 fxe6 16. Nc4 Bxc3 17. bxc3 Nc6 18. Nfd2 Qc7 19. Qg4 Rae8 20. Qg3 Rd8 21.
Rab1 Rf7 22. Nxb6 axb6 23. Nc4 Ne5 24. Nxb6 c4 25. f4 Nd3 26. Qe3 d5 27. f5 Rd6
28. e5 Rc6 29. Nxd5 Qxe5 30. Qxe5 Nxe5 31. fxe6 Rxe6 32. Rxf7 Kxf7 33. Rb7+ Kf8
34. Rxh7 Rd6 35. Nb4 Rd2 36. a4 Rd1+ 37. Kh2 Ra1 38. Ra7 Ke8 39. a5 Nd3 40. a6
Nc5 41. Rc7 Ne6 42. Rxc4 Kd7 43. Rg4 g5 44. h4 gxh4 45. Rxh4 Ra3 46. Rc4 Kd6
47. Rc6+ Kd7 48. g4 Ra4 49. Rb6 Ra3 50. Rb7+ Kc8 51. Re7 Nc7 52. Re3 Nb5 53. g5
Nd4 54. a7 Nf5 55. Re8+ Kb7 56. Rb8+ 1-0

[Event "SCCF State Championship"]
[Site "?"]
[Date "2014.09.21"]
[Round "6"]
[White "Mousseri, Daniel"]
[Black "Kavutskiy, Kostya"]
[Result "1/2-1/2"]
[WhiteElo "2285"]
[BlackElo "2397"]
[PlyCount "107"]
[EventDate "2014.??.??"]
[SourceDate "2014.09.20"]

1. e4 e5 2. Nf3 Nc6 3. Bc4 Bc5 4. b4 Bxb4 5. c3 Be7 6. d4 Na5 7. Bd3 d6 8. dxe5
dxe5 9. Nxe5 Nf6 10. O-O O-O 11. Qc2 c5 12. Nd2 Qc7 13. f4 a6 14. c4 b5 15.
cxb5 axb5 16. Bxb5 c4 17. Kh1 c3 18. Ndc4 Bb7 19. Re1 Rfd8 20. Nxa5 Rxa5 21.
Bd3 Rxe5 22. fxe5 Qxe5 23. Rf1 Qd4 24. e5 Qxe5 25. Bf4 Qc5 26. Rae1 h6 27. Be5
Ng4 28. Bh7+ Kh8 29. Bxg7+ Kxg7 30. Rxf7+ Kh8 31. Bd3 Rxd3 32. Qxd3 Nf2+ 33.
Rxf2 Qxf2 34. Qxc3+ Kg8 35. Qg3+ Qxg3 36. hxg3 Kf7 37. a4 Bd6 38. Rb1 Bd5 39.
Rb6 Ke7 40. a5 Kd7 41. a6 Kc7 42. Rb5 Bc6 43. a7 Bb7 44. Kh2 Be7 45. Re5 Bd8
46. Re8 Kd7 47. Rh8 h5 48. Rh7+ Kc6 49. Rxh5 Bb6 50. g4 Bxa7 51. g5 Bd4 52. g6
Kd6 53. g4 Ke6 54. Rh7 1/2-1/2

[Event "SCCF State Championship"]
[Site "?"]
[Date "2014.09.21"]
[Round "7"]
[White "Kavutskiy, Kostya"]
[Black "Lu, Albert"]
[Result "1-0"]
[WhiteElo "2397"]
[BlackElo "2280"]
[PlyCount "93"]
[EventDate "2014.??.??"]
[SourceDate "2014.09.20"]

1. d4 d5 2. c4 e6 3. Nf3 Nf6 4. Nc3 Be7 5. Bf4 O-O 6. e3 c5 7. dxc5 Bxc5 8. Qc2
dxc4 9. Bxc4 a6 10. O-O b5 11. Ne4 bxc4 12. Nxc5 Qd5 13. Na4 Nbd7 14. Rfd1 Qb5
15. Nd4 Qh5 16. Bd6 Re8 17. Qxc4 e5 18. Ne2 Bb7 19. Ng3 Qg6 20. Qb3 Bc6 21.
Rac1 Rac8 22. Nb6 Nxb6 23. Qxb6 Nd5 24. Qxa6 Qxd6 25. e4 Qe6 26. exd5 Bxd5 27.
Qxe6 Bxe6 28. a3 Bb3 29. Re1 Bc2 30. f3 f5 31. Kf2 f4 32. Ne4 Bxe4 33. Rxc8
Rxc8 34. Rxe4 Rc2+ 35. Re2 Rc5 36. b4 Rc3 37. Ra2 Rb3 38. Ke2 g5 39. a4 Rxb4
40. a5 e4 41. a6 exf3+ 42. Kxf3 Rb8 43. a7 Ra8 44. Kg4 h6 45. Kh5 Kf7 46. Ra6
Kg7 47. h3 1-0

[Event "SCCF State Championship"]
[Site "?"]
[Date "2014.09.20"]
[Round "5"]
[White "Kretchetov, Alexandre"]
[Black "Yanayt, Eugene"]
[Result "1/2-1/2"]
[WhiteElo "2396"]
[BlackElo "2363"]
[PlyCount "76"]
[EventDate "2014.??.??"]
[SourceDate "2014.09.20"]

1. d4 Nf6 2. Bg5 Ne4 3. Bf4 c5 4. f3 Qa5+ 5. c3 Nf6 6. Nd2 cxd4 7. Nb3 Qb6 8.
Qxd4 Qd8 9. Bxb8 Rxb8 10. Qxa7 Qc7 11. e4 e5 12. Bb5 Be7 13. Ne2 O-O 14. c4
Bb4+ 15. Kf2 d6 16. Qe3 Bd7 17. Bxd7 Nxd7 18. a3 Bc5 19. Nxc5 Nxc5 20. Rhd1 f5
21. exf5 Rxf5 22. Kg1 Rf6 23. Nc3 Rg6 24. Nb5 Qc6 25. b4 Ne6 26. Qe4 Qb6+ 27.
Kf1 Nf4 28. Ra2 Nh3 29. Qd5+ Kh8 30. Nd4 Nf4 31. Qb5 Qa7 32. Nf5 Rf8 33. Qd7 d5
34. Qe7 Qb8 35. g4 Re8 36. Qf7 Rf8 37. Qe7 Re8 38. Qf7 Rf8 1/2-1/2

[Event "SCCF State Championship"]
[Site "?"]
[Date "2014.09.21"]
[Round "6"]
[White "Yanayt, Eugene"]
[Black "Remlinger, Larry"]
[Result "1/2-1/2"]
[WhiteElo "2363"]
[BlackElo "2375"]
[PlyCount "47"]
[EventDate "2014.??.??"]
[SourceDate "2014.09.20"]

1. Nf3 d5 2. c4 dxc4 3. e3 Nf6 4. Bxc4 e6 5. O-O c5 6. Qe2 a6 7. a4 Nc6 8. Rd1
Be7 9. d4 cxd4 10. exd4 O-O 11. Nc3 Nb4 12. Ne5 Nfd5 13. Ne4 f6 14. Nd3 Qe8 15.
Nc3 Qf7 16. Nxb4 Bxb4 17. Qf3 Rd8 18. Bd2 Bxc3 19. bxc3 Bd7 20. Bb3 Bc6 21. Qh3
b5 22. axb5 axb5 23. c4 bxc4 24. Bxc4 1/2-1/2

[Event "SCCF State Championship"]
[Site "?"]
[Date "2014.09.21"]
[Round "7"]
[White "Yanayt, Eugene"]
[Black "Mousseri, Daniel Y"]
[Result "0-1"]
[WhiteElo "2363"]
[BlackElo "2285"]
[PlyCount "110"]
[EventDate "2014.??.??"]
[SourceDate "2014.09.20"]

1. d4 Nf6 2. c4 g6 3. Nc3 Bg7 4. e4 d6 5. Nf3 O-O 6. Be2 e5 7. O-O Na6 8. Re1
Qe8 9. Bf1 Bg4 10. d5 Nb4 11. Be2 a5 12. Be3 Na6 13. Nd2 Bd7 14. b3 Kh8 15. a3
Ng8 16. Qb1 f5 17. f3 Bh6 18. Bxh6 Nxh6 19. b4 axb4 20. axb4 Qe7 21. Ra5 f4 22.
Qa1 Rab8 23. Qa3 Bc8 24. c5 b6 25. cxb6 cxb6 26. Rxa6 Bxa6 27. Qxa6 Rbc8 28.
Nc4 g5 29. h3 Nf7 30. Na4 h5 31. Naxb6 Rcd8 32. Na5 g4 33. fxg4 Qh4 34. Rf1 Ng5
35. Rf3 hxg4 36. hxg4 Nxf3+ 37. Bxf3 Qe1+ 38. Qf1 Qxb4 39. Nbc4 Ra8 40. g5 Rxa5
41. Nxa5 Qxa5 42. Qf2 Qa1+ 43. Kh2 Kg7 44. Bg4 Qd4 45. Qc2 Qe3 46. Qc7+ Rf7 47.
Qxd6 Qg3+ 48. Kg1 Qxg4 49. Qxe5+ Kh7 50. Kf2 f3 51. g3 Qh3 52. Qd6 Qg2+ 53. Ke3
Qe2+ 54. Kd4 Qd2+ 55. Kc4 Qxg5 0-1